000 01692cam a2200277 i 4500
001 16189
003 DO-SdUEMH
005 20260123175055.0
007 ta
008 211105s2004 dr |||gr|||| 000 0 spa|d
040 _aDO-SdUEMH
_bspa
_erda
041 _aspa
082 1 4 _mRD
_aRD324.697293
_bR426c
084 _b08-00364
110 _aRepública Dominicana: Junta Central Electoral
245 1 0 _aCompilación de la legislación electoral de la República Dominicana 2004 /
260 _c2004
264 0 1 _aRepública Dominicana :
_bJunta Central Electoral,
_c2004
300 _a287 páginas ;
_c21 cm.
336 _2rdacontent
_atexto
_btxt
337 _2rdamedia
_asin mediación
_bn
338 _2rdacarrier
_avolumen
_bnc
505 1 _aDe la Nación, de su soberanía y de su gobierno -- Del territorio -- Del régimen económico y social fronterizo -- De los derechos individuales y sociales -- De los deberes -- Derechos políticos -- De la nacionalidad -- De la ciudadanía -- Del Poder Legislativo -- Del Senado -- De la Cámara de Diputados -- Disposiciones comunes a ambas cámaras -- Del Congreso -- De la formación y efecto de las leyes -- Del Poder Ejecutivo -- De los Secretarios de Estado -- Del Poder Judicial -- De la Suprema Corte de Justicia -- De las Cortes de Apelación -- Del Tribunal de Tierras -- De los Juzgados de Primera Instancia -- De los Juzgados de Paz -- De la Cámara de Cuentas -- Del Distrito Nacional y de los municipios -- Del régimen de las provincias -- De las asambleas electorales -- De las Fuerzas Armadas -- Disposiciones generales -- De las reformas constitucionales -- Disposiciones transitorias.
942 _2ddc
_cBK
_n0
999 _c16189
_d16189